000 00720nam a2200253Ia 4500
001 dia_2155
003 CHAP
005 20230313110851.0
008 220117s1976 xx 000 0 und d
010 _a172697
040 _cCHAP
082 _a637.3 C6
100 _aCompairé Fernández, Carlos
_926064
245 _aQuesos; Tecnología y Control de Calidad /
_c por Carlos Compairé Fernández
250 _a2
260 _a:
_b Ministerio de Agricultura,
_c1976
300 _a540 p.
400 _aMANUALES TÉCNICOS. SERIE, 43
650 _a1.Queso
_xprocesado.
_9152342
901 _a637.3 C6
902 _aM
905 _a0000001976 MADA 0000000000ESP00
942 _cLIBRO
_2ddc
999 _c172697
_d172697